| 000 | 00687nam a2200181Ia 4500 | ||
|---|---|---|---|
| 008 | 100920s9999 xx 000 0 und d | ||
| 082 |
_b106430 _a28 व 891,43 न 09 |
||
| 100 | _aभाटीया सुदर्शन. | ||
| 245 | _aविज्ञान प्रश्नोत्तरी. | ||
| 260 |
_bराही प्रकाशन,दिल्ली. _c2009 |
||
| 300 |
_a112 _bसाधी |
||
| 365 | _b150 | ||
| 520 | _aबा.वि.हिंदी. | ||
| 630 | _aविज्ञान प्रश्नोत्तरी. | ||
| 650 | _aबा.वि.हिंदी. | ||
| 730 | _aविज्ञान प्रश्नोत्तरी. | ||
| 942 | _cBOOK | ||
| 999 |
_c746861 _d746858 |
||